| 000 | 00805nam a22002297a 4500 | ||
|---|---|---|---|
| 003 | SISC | ||
| 005 | 20180725090252.0 | ||
| 008 | 180725b xxu||||| |||| 00| 0 eng d | ||
| 020 | _a9789719807902 | ||
| 050 |
_aQE 26 _b.F455 2017 |
||
| 100 | _aFelicerta, Corazon N. | ||
| 245 |
_aBreaking through earth science for senior high school / _cCorazon N. Felicerta; Sol Saranay M. Baguio, coordinator |
||
| 260 |
_aQuezon City : _bC & E Publishing, _cc2017. |
||
| 300 |
_axii, 172 pages : _bcolor illustrations ; _c27 cm. |
||
| 500 | _aIncludes index and bibliographical references. | ||
| 650 | _aPhysical geography | ||
| 650 | _aMeteorology | ||
| 650 |
_2Library of Congress Subject Headings _aEarth sciences |
||
| 700 |
_aBaguio, Sol Saranay M. _ecoordinator |
||
| 942 |
_2lcc _cBK |
||
| 999 |
_c358177 _d358177 |
||